000 00954nam a2200301 i 4500
001 000045345
003 DO-SdBNP
005 20250207125148.0
007 ta
008 150304s2014 dr 000 f spa d
020 _a9789945589320
040 _aDO-SdBNP
_bspa
_cBNPHU
_erda
082 4 _aRD863.44
_bM663s, 2014
_222
100 1 _aMinaya, Ligia,
_d1941-
_eautor
_923177
245 1 0 _aSi Cayese la Ausencia /
_cLigia Minaya.
250 _a2a. edición
264 1 _aSanto Domingo :
_bEditorial Santuario,
_c2014.
300 _a131 páginas ;
_c23 cm.
_b
336 _2rdacontent
_atexto
_btxt
337 _2rdamedia
_asin mediación
_bn
338 _2rdacarrier
_avolumen
_bnc
500 _aIncluye datos biografícos de la autora en la solapa de la cubierta
590 _aInventariado, 2019/LP
650 0 _aNovela dominicana
_9223
650 0 _aLiteratura dominicana.
_967
910 _aValidado. Control de calidad MFF
942 _2ddc
_cLBS1
999 _c44834
_d44834